000 01188cad a22002295a 4500
001 E147587
008 090527s2009 xxk f 000 0 eng d
035 _a(Sirsi) u147587
041 0 _aeng
050 0 4 _a650 $2 20
110 2 _aSpada
_95741
245 0 0 _aBritish professions today
_bthe state of the sector
_h[electronic resource]
260 _a[London]
_bSpada
_c2009
505 2 _aIntroduction -- Changing regulatory structures -- The professional economy -- Social and political contributions -- Conclusion -- References -- Appendices -- Tables, lists and charts
520 _aLooks at the nature and value of professions, and discusses their economic, societal and historical context. Makes recommendations as to how professions can be better analysed, and how they can maximise their benefits to the economy and society at large. The Research was sponsored by RICS, the Chartered Institute of Management Accountants and the Law Society.
521 _aAdvanced
590 _aKA NTK
651 4 _aUnited Kingdom
_y
690 _aMANAGEMENT
856 4 0 _uhttps://www.spada.co.uk/british-professions-today/
_zView the research free of charge at www.spada.co.uk.
942 _n0
999 _c109636
_d109636